Zodiac Signs Positive Personality Traits #2 - Statistics

General Stats
  • This quiz has been taken 171 times
  • The average score is 10 of 12
Answer Stats
Traits Answer % Correct
Bold, Regal, Entertaining Leo
90%
Creative, Understanding, Romantic Pisces
89%
Innovative, Free-spirited, Humanitarian Aquarius
88%
Confident, Assertive, Courageous Aries
88%
Persistent, Responsible, Mature Capricorn
88%
Dependable, Affectionate, Grounded Taurus
88%
Sociable, Bright, Humourous Gemini
86%
Diplomatic, Artistic, Friendly Libra
85%
Tender, Sentimental, Nurturing Cancer
84%
Open-minded, Zealous, Honest Sagittarius
80%
Wholehearted, Committed, Penetrating Scorpio
80%
Diligent, Competent, Helpful Virgo
80%
No matching quizzes found
Score Distribution
Percent of People with Each Score
Percentile by Number Answered
Your Score History
You have not taken this quiz